Fundamentals Of Molecular Spectrosopy (Record no. 32)

MARC details
000 -LEADER
fixed length control field 00385nam a22001697a 4500
020 ## - INTERNATIONAL STANDARD BOOK NUMBER
International Standard Book Number 978-93-5260-173-8
041 ## - LANGUAGE CODE
Language code of text/sound track or separate title ENG
082 ## - DEWEY DECIMAL CLASSIFICATION NUMBER
Edition number 4
100 ## - MAIN ENTRY--PERSONAL NAME
Personal name Colin N. Banwell
245 ## - TITLE STATEMENT
Title Fundamentals Of Molecular Spectrosopy
250 ## - EDITION STATEMENT
Edition statement 4 Edition
260 ## - PUBLICATION, DISTRIBUTION, ETC. (IMPRINT)
Place of publication, distribution, etc New Delhi
Name of publisher, distributor, etc McGraw Hill
Date of publication, distribution, etc 2019
300 ## - PHYSICAL DESCRIPTION
Extent 308
650 ## - SUBJECT ADDED ENTRY--TOPICAL TERM
Topical term or geographic name as entry element Physics
700 ## - ADDED ENTRY--PERSONAL NAME
Personal name Elaine M. Mc csh
856 ## - ELECTRONIC LOCATION AND ACCESS
Uniform Resource Identifier Physics
Holdings
Withdrawn status Lost status Source of classification or shelving scheme Damaged status Not for loan Home library Current library Shelving location Date acquired Cost, normal purchase price Barcode Date last seen Price effective from Koha item type Total Checkouts
    Dewey Decimal Classification     College of Agricultural Engineering and Technology, Dapoli , Library College of Agricultural Engineering and Technology, Dapoli , Library General Stacks 13/10/2020 595.00 007421 13/10/2020 13/10/2020 Books  
    Dewey Decimal Classification     College of Agricultural Engineering and Technology, Dapoli , Library College of Agricultural Engineering and Technology, Dapoli , Library Book Cart 10/08/2022 595.00 007998 10/08/2022 10/08/2022 Books  

Contact Us: College of Agricultural Engineering and Technology, Dapoli, Dist.- Ratnagiri
Website: https://dbskkv.org Email: caetlibrary2015@gmail.com